000 00495nam a2200157 a 4500
001 000038042
005 20201002031149.0
008 130312s2011 dr 000 0 spa d
020 _a9789945000825
040 _aDO-SdBNP
_bspa
_cBNPHU
100 1 _aLalane González, Oscar
_964437
245 1 3 _aUn lobo entre las ovejas /
_cOscar Lalane González.
260 _aSanto Domingo :
_bSoto Castillo,
_c2011.
300 _a289 p. ;
_c24 cm.
500 _aIncluye datos biográficos del autor en la solapa
999 _c37532
_d37532